00456nam a2200205Ia 4500003000900000008004100009040001300050040001300063041000800076100001500084245004900099250001400148260001300162260000900175300001100184300001000195490002700205490000700232700001100239IT-RoPAU120407s9999 xx 000 0 und d aIT-RoPAU cIT-RoPAU aita aDe Spinoza aTractatus politicus Trad. di Antero Meozzi  aLanciano  aCarabba  c1918 a124 p. c19 cm a Cultura dell’anima  v55 aBaruch